| 000 | 00414nam a2200157Ia 4500 | ||
|---|---|---|---|
| 003 | LK-CoDNM | ||
| 008 | 010623t1961 xxu||||| |||| 00| 1 eng d | ||
| 040 |
_aLK-CoDNM _dLK-CoDNM _eLK-CoDNM |
||
| 041 | _aeng | ||
| 080 | _a301 MAR | ||
| 100 | _aMartinadale,Don | ||
| 245 | _aThe Nature And Types Of Sociological Theory | ||
| 260 |
_bRoutledge kegan paul _aLondon _c1961 |
||
| 300 | _b558p.;22 cm cm | ||
| 942 | _cBK | ||
| 999 |
_c105632 _d105632 |
||